Aurangzeb / (Record no. 194000)
[ view plain ]
| 000 -LEADER | |
|---|---|
| fixed length control field | 00987 a2200157 4500 |
| 003 - CONTROL NUMBER IDENTIFIER | |
| control field | NUST |
| 005 - DATE AND TIME OF LATEST TRANSACTION | |
| control field | 20230202114828.0 |
| 040 ## - CATALOGING SOURCE | |
| Transcribing agency | Nust |
| 082 ## - DEWEY DECIMAL CLASSIFICATION NUMBER | |
| Classification number | 954.025,AUR |
| 100 ## - MAIN ENTRY--PERSONAL NAME | |
| Personal name | S. R. Bakshi |
| 9 (RLIN) | 108456 |
| 245 ## - TITLE STATEMENT | |
| Title | Aurangzeb / |
| Statement of responsibility, etc. | Edited by S.R Bakshi , S.K Sharma |
| 260 ## - PUBLICATION, DISTRIBUTION, ETC. | |
| Place of publication, distribution, etc. | New Delhi |
| Name of publisher, distributor, etc. | Deep Deep publication ltd |
| Date of publication, distribution, etc. | 2000 |
| 300 ## - PHYSICAL DESCRIPTION | |
| Extent | 424 pages. |
| 505 ## - FORMATTED CONTENTS NOTE | |
| Formatted contents note | Aurangzeb (page-1), Aurangzeb Alamgir (1685-1707) (Page-100), Governorship of Multan and Sind 1648-1652 (Page-142), The Sabah of Allahabad Under Aurangzeb (Page-149), Viceroyalty of the Deccan (Page-169), The Raj put Policy of Aurangzeb (Page-182), Mughal Conquest of Trichinopology (Page-193), Two Farman’s of Aurangzeb (Page-206), Political Views of Emperor (Page-218), Legends from the Punjab (Page-255), The Sword of Aurangzeb (Page-261), Revenue System (Page-289), Agriculture and Industry (Page-331), Trade (Page-353), Position of Woman (Page-401), By the Grave of Aurangzeb (Page-414). |
| 942 ## - ADDED ENTRY ELEMENTS (KOHA) | |
| Source of classification or shelving scheme | |
| Koha item type | Book |
| Call number prefix | 954.025,AUR |
| Withdrawn status | Lost status | Source of classification or shelving scheme | Damaged status | Not for loan | Permanent Location | Current Location | Shelving location | Date acquired | Full call number | Barcode | Date last seen | Price effective from | Koha item type | Public note |
|---|---|---|---|---|---|---|---|---|---|---|---|---|---|---|
| Military College of Signals (MCS) | Military College of Signals (MCS) | General Stacks | 12/12/2016 | 954.025,AUR | MCS27822 | 12/08/2016 | 12/12/2016 | Book | Almirah No.61, Shelf No.4 |
